000 00359nam a22001457a 4500
008 230718b ||||| |||| 00| 0 eng d
020 _a9781412924825
041 _aeng
080 _2THE EXCEL EDITION
_a311
082 _a311SAL
100 _a25
101 _aSTSC
245 _aSTATISTICS FOR PEOPLE WHO HATE STATISTICS
_cSALKIND . J .N
942 _2udc
_cBK
999 _c60154
_d60154